000 00584nam a2200217 4500
003 OSt
005 20260530113906.0
008 260506b |||||||| |||| 00| 0 eng d
020 _a0070256241
040 _aICI
_bspa
_cICI
050 0 0 _aNK2115
_bH34 1978
100 1 _aO. Halse, Albert
_932754
245 1 0 _aThe Use of Color in Interiors
_cAlbert O. Halse
250 _aSegunda edición
264 1 _bMcGraw Hill Company
_c1978
300 _a152 páginas
336 _atexto
_2rdacontent
337 _asin medio
_2rdamedia
338 _avolumen
_2rdacarrier
942 _2ddc
_cBK
_n1
999 _c11938
_d11938